[Event "I Open FIDE"]
[Site "Forli' ITA"]
[Date "1988.06.23"]
[Round "6"]
[White "Lanzani, Mario"]
[Black "Ljubisavljevic, Zivojin Z."]
[WhiteElo "2375"]
[BlackElo "2365"]
[Result "1/2-1/2"]
[PlyCount "69"]
[EventDate "1988.06.18"]

1. e4 c5 2. Nf3 a6 3. c3 d5 4. exd5 Qxd5 5. d4 Bg4 6. Be2 e6 7. O-O Nf6 8. c4
Qd6 9. Be3 cxd4 10. Nxd4 Bxe2 11. Qxe2 Be7 12. Nc3 O-O 13. c5 Qc7 14. b4 Nc6
15. Nxc6 Qxc6 16. a4 Ne4 17. Qc4 Nxc3 18. Qxc3 Bf6 19. Bd4 Bxd4 20. Qxd4 Rfd8
21. Qc4 Rac8 22. Rfc1 Rd5 23. h3 h5 24. Qf1 Qd7 25. Rd1 g6 26. Rxd5 exd5 27.
Qd3 d4 28. Rd1 Rd8 29. b5 axb5 30. axb5 Qd5 31. Rc1 Rc8 32. c6 bxc6 33. bxc6
Rxc6 34. Rxc6 Qxc6 35. Qxd4 1/2-1/2

[Event "I Open FIDE"]
[Site "Forli' ITA"]
[Date "1988.06.23"]
[Round "6"]
[White "Meduna, Eduard"]
[Black "Forintos, Gyozo Victor"]
[WhiteElo "2505"]
[BlackElo "2345"]
[Result "1/2-1/2"]
[PlyCount "43"]
[EventDate "1988.06.18"]

1. d4 Nf6 2. Nf3 c5 3. d5 b5 4. c4 Ba6 5. Qc2 d6 6. e4 bxc4 7. Nc3 g6 8. Nd2
Bg7 9. Be2 O-O 10. O-O Nbd7 11. Nxc4 Nb6 12. Ne3 Qc8 13. a4 Bxe2 14. Qxe2 Rb8
15. h3 Nbd7 16. Ra3 Rb4 17. Nc2 Qb7 18. Ra2 Rb3 19. Na1 Rb4 20. Nc2 Rb3 21. Na1
Rb4 22. Nc2 1/2-1/2

[Event "I Open FIDE"]
[Site "Forli' ITA"]
[Date "1988.06.23"]
[Round "6"]
[White "Rossi, Carlo"]
[Black "Magalotti, Andrea"]
[WhiteElo "2285"]
[BlackElo "2205"]
[Result "0-1"]
[PlyCount "112"]
[EventDate "1988.06.18"]

1. e4 e5 2. Nf3 Nc6 3. Be2 Nf6 4. d3 Bc5 5. c3 a5 6. O-O d6 7. h3 O-O 8. Bg5 h6
9. Bc1 Bb6 10. Na3 Be6 11. d4 exd4 12. cxd4 d5 13. e5 Ne4 14. Be3 f5 15. exf6
Qxf6 16. Nb5 Ne7 17. Nd2 Nf5 18. Nxe4 dxe4 19. Bf4 Nxd4 20. Bxc7 Bxc7 21. Nxc7
Rad8 22. Nxe6 Nxe6 23. Qc2 Nf4 24. Qxe4 Kh8 25. Bf3 Nxh3+ 26. gxh3 Qxf3 27.
Qxf3 Rxf3 28. Kg2 Rdd3 29. Rac1 Rxh3 30. Rc5 b6 31. Rb5 Rh4 32. Rxb6 Rf4 33.
Rb5 a4 34. f3 a3 35. bxa3 Rxa3 36. Rf2 Rfa4 37. Rbb2 g5 38. Rb6 Kg7 39. Kg3
Rxa2 40. Rxa2 Rxa2 41. Kg4 Ra4+ 42. Kg3 Rf4 43. Ra6 h5 44. Rb6 h4+ 45. Kg2 Rf6
46. Rb8 Rc6 47. Rb7+ Kg6 48. Ra7 Rc4 49. Rb7 Kf5 50. Ra7 Rd4 51. Rb7 Kf4 52.
Ra7 Ke3 53. Ra3+ Rd3 54. Ra5 Rd2+ 55. Kh3 Kf4 56. Ra2 g4+ 0-1

[Event "I Open FIDE"]
[Site "Forli' ITA"]
[Date "1988.06.23"]
[Round "6"]
[White "Vezzosi, Paolo"]
[Black "Wagman, Stuart"]
[WhiteElo "2270"]
[BlackElo "2230"]
[Result "1-0"]
[PlyCount "51"]
[EventDate "1988.06.18"]

1. d4 d5 2. Nf3 Nf6 3. c4 e6 4. g3 Be7 5. Bg2 O-O 6. O-O dxc4 7. Qa4 a6 8. Qxc4
b5 9. Qc2 Bb7 10. Bf4 Be4 11. Qc1 Nc6 12. Rd1 Nb4 13. Nbd2 Bb7 14. Nb3 Bd5 15.
Bxc7 Qe8 16. Nc5 Rc8 17. a3 Na2 18. Qf4 Nh5 19. Qe5 f6 20. Qe3 e5 21. Ba5 Bf7
22. Nb3 Nc3 23. bxc3 Bxb3 24. Rdb1 Bc4 25. Bb4 Rc7 26. dxe5 1-0

[Event "I Open FIDE"]
[Site "Forli' ITA"]
[Date "1988.06.23"]
[Round "6"]
[White "Votruba, Pavel"]
[Black "Semkov, Semko"]
[WhiteElo "2345"]
[BlackElo "2470"]
[Result "1-0"]
[PlyCount "113"]
[EventDate "1988.06.18"]

1. Nf3 d5 2. d4 Nf6 3. c4 e6 4. e3 dxc4 5. Bxc4 c5 6. O-O a6 7. a4 Nc6 8. Nc3
Be7 9. Qd3 O-O 10. Rd1 cxd4 11. exd4 Nb4 12. Qe2 b6 13. Bf4 Bb7 14. Rac1 Rc8
15. Bb3 Nbd5 16. Bg3 Nxc3 17. bxc3 Ba3 18. Rc2 Ne4 19. c4 Nxg3 20. hxg3 Qe7 21.
Ne5 Rfd8 22. Rd3 Bd6 23. Rcd2 a5 24. f4 Ba6 25. Rc2 Rc7 26. Rd1 Rdc8 27. Nf3 h6
28. Kh2 Kh8 29. Qd3 Rd8 30. Re2 Qf6 31. Ne5 Bxe5 32. fxe5 Qg5 33. Rf1 Rcd7 34.
Rf4 Bb7 35. Re1 g6 36. Qc3 Kg7 37. Ref1 Rc8 38. Qe3 Rcd8 39. d5 exd5 40. e6
fxe6 41. Qxe6 Qe7 42. cxd5 Bc8 43. Rf6 Qe8 44. Qxb6 Rb7 45. Qd4 Kh7 46. Bc2 Rg7
47. d6 h5 48. Qf4 Bg4 49. Qg5 Rdd7 50. Bd3 Ra7 51. Bb5 Qd8 52. Qe5 Qg8 53. Bd3
Rad7 54. Bb5 Ra7 55. Qd4 Qa8 56. Bd3 Qe8 57. Rf8 1-0

[Event "I Open FIDE"]
[Site "Forli' ITA"]
[Date "1988.06.24"]
[Round "7"]
[White "Belotti, Bruno"]
[Black "Mantovani, Renzo"]
[WhiteElo "2340"]
[BlackElo "2410"]
[Result "1/2-1/2"]
[PlyCount "33"]
[EventDate "1988.06.18"]

1. d4 d5 2. Nf3 Nf6 3. c4 e6 4. Nc3 Be7 5. Bg5 O-O 6. e3 h6 7. Bxf6 Bxf6 8. Rc1
c6 9. Bd3 Nd7 10. O-O dxc4 11. Bxc4 e5 12. h3 exd4 13. exd4 Nb6 14. Bb3 Bf5 15.
Re1 Qd7 16. Qd2 Rfe8 17. Qf4 1/2-1/2

[Event "I Open FIDE"]
[Site "Forli' ITA"]
[Date "1988.06.24"]
[Round "7"]
[White "De Eccher, Stefano"]
[Black "Magalotti, Andrea"]
[WhiteElo "2290"]
[BlackElo "2205"]
[Result "1/2-1/2"]
[PlyCount "63"]
[EventDate "1988.06.18"]

1. e4 c5 2. Nf3 Nc6 3. d4 cxd4 4. Nxd4 Nf6 5. Nc3 e5 6. Nf5 d5 7. exd5 Bxf5 8.
dxc6 bxc6 9. Qf3 Qd7 10. Bg5 e4 11. Qe2 Be7 12. Rd1 Qe6 13. Qc4 O-O 14. Qxe6
Bxe6 15. Be2 Rab8 16. Rb1 Bb4 17. O-O Bxc3 18. bxc3 Bxa2 19. Ra1 Be6 20. Rxa7
Rb2 21. Rc1 Nd5 22. c4 Nb4 23. Be3 Rxc2 24. Rxc2 Nxc2 25. Bc5 Rb8 26. Bd1 Ne1
27. Bd6 Rd8 28. c5 Nd3 29. Bc2 f5 30. h3 Rd7 31. Rxd7 Bxd7 32. Bxd3 1/2-1/2

[Event "I Open FIDE"]
[Site "Forli' ITA"]
[Date "1988.06.24"]
[Round "7"]
[White "Laco, Giuseppe"]
[Black "Braga, Fernando Alberto"]
[WhiteElo "2235"]
[BlackElo "2425"]
[Result "0-1"]
[PlyCount "86"]
[EventDate "1988.06.18"]

1. c4 e5 2. Nc3 Nc6 3. g3 Nf6 4. Bg2 Bc5 5. Na4 Be7 6. e4 d6 7. Ne2 Be6 8. d3
Qc8 9. h3 Nd7 10. a3 O-O 11. Be3 Nc5 12. Nac3 a5 13. Rb1 a4 14. Nd5 Bd8 15.
Bxc5 dxc5 16. Nec3 Nd4 17. Nxa4 b6 18. g4 Qd7 19. Nac3 c6 20. a4 h5 21. Ne3
hxg4 22. hxg4 Bg5 23. Bh3 g6 24. Kf1 f6 25. b4 Kg7 26. b5 Rh8 27. bxc6 Nxc6 28.
Ncd5 Rab8 29. Kg2 Qd8 30. Nc2 Bd7 31. f3 Rb7 32. Na3 Nd4 33. Nb5 Ne6 34. Kf2
Bc6 35. Bg2 Rxh1 36. Qxh1 Bxd5 37. exd5 Nf4 38. Rd1 Kg8 39. Kf1 Qa8 40. Ra1 Qa5
41. Qg1 Qd2 42. Qf2 Qxd3+ 43. Kg1 Ne2+ 0-1

[Event "I Open FIDE"]
[Site "Forli' ITA"]
[Date "1988.06.24"]
[Round "7"]
[White "Sapi, Laszlo"]
[Black "Strikovic, Aleksa"]
[WhiteElo "2370"]
[BlackElo "2450"]
[Result "1/2-1/2"]
[PlyCount "68"]
[EventDate "1988.06.18"]

1. d4 Nf6 2. c4 g6 3. Nc3 Bg7 4. e4 d6 5. Be2 O-O 6. Bg5 c5 7. d5 a6 8. a4 e6
9. Nf3 exd5 10. exd5 Bg4 11. O-O Nbd7 12. h3 Bxf3 13. Bxf3 Re8 14. Qc2 Qb6 15.
Bd2 h5 16. Be2 Nh7 17. Rfe1 f5 18. g4 hxg4 19. hxg4 fxg4 20. Bxg4 Ndf8 21. Be6+
Kh8 22. Bf7 Re5 23. f4 Rxe1+ 24. Rxe1 Bd4+ 25. Kg2 Qc7 26. Be6 Re8 27. Qd3 Qb6
28. Nd1 Nxe6 29. dxe6 Qc6+ 30. Qf3 Qxf3+ 31. Kxf3 Re7 32. f5 gxf5 33. Kf4 Re8
34. Bc3 Kg7 1/2-1/2

[Event "I Open FIDE"]
[Site "Forli' ITA"]
[Date "1988.06.24"]
[Round "7"]
[White "Semkov, Semko"]
[Black "Lanzani, Mario"]
[WhiteElo "2470"]
[BlackElo "2375"]
[Result "1-0"]
[PlyCount "71"]
[EventDate "1988.06.18"]

1. d4 Nf6 2. c4 e6 3. Nc3 Bb4 4. e3 O-O 5. Bd3 d5 6. Nf3 c5 7. O-O b6 8. cxd5
exd5 9. a3 Bxc3 10. bxc3 Ba6 11. Bxa6 Nxa6 12. Qa4 Qc8 13. Bb2 c4 14. Qc2 b5
15. Nd2 Qc6 16. f3 Nh5 17. g4 Nf6 18. h3 Qd6 19. Kg2 h5 20. Rf2 hxg4 21. hxg4
g6 22. Rg1 Qe6 23. Nf1 Kg7 24. Bc1 Rh8 25. Ng3 Rae8 26. Kf1 Qc6 27. Rh2 Rxh2
28. Qxh2 b4 29. e4 Ng8 30. axb4 Qa4 31. Rh1 Qd1+ 32. Kf2 Qc2+ 33. Ne2 dxe4 34.
Qh8+ Kf8 35. Rh7 Ke7 36. Qe5+ 1-0

[Event "I Open FIDE"]
[Site "Forli' ITA"]
[Date "1988.06.24"]
[Round "7"]
[White "Tatai, Stefano"]
[Black "Ljubisavljevic, Zivojin Z."]
[WhiteElo "2380"]
[BlackElo "2365"]
[Result "1-0"]
[PlyCount "87"]
[EventDate "1988.06.18"]

1. e4 e6 2. d4 d5 3. Nc3 dxe4 4. Nxe4 Nd7 5. Nf3 Ngf6 6. Bd3 Be7 7. O-O Nxe4 8.
Bxe4 Nf6 9. Bd3 O-O 10. Bg5 h6 11. Bxf6 Bxf6 12. c3 Qd6 13. Qe2 g6 14. Rad1 Bd7
15. Ne5 Bc6 16. Rfe1 Bxe5 17. dxe5 Qe7 18. Be4 Bxe4 19. Qxe4 b6 20. Rd4 Rad8
21. Red1 a5 22. h4 Rxd4 23. Qxd4 Kg7 24. Qf4 g5 25. hxg5 hxg5 26. Qd4 Rh8 27.
g3 Rh5 28. Qg4 Rh6 29. Kg2 Rg6 30. Rd3 Qc5 31. Qe4 g4 32. Qf4 Qc6+ 33. Kg1 Qb5
34. Rd2 Qc6 35. Rd3 Qb5 36. c4 Qxb2 37. Rd7 Qb1+ 38. Kg2 Qf5 39. Rxc7 Rh6 40.
Qxf5 exf5 41. a4 Re6 42. c5 Rxe5 43. cxb6 Re4 44. Rc5 1-0

[Event "I Open FIDE"]
[Site "Forli' ITA"]
[Date "1988.06.24"]
[Round "7"]
[White "Vezzosi, Paolo"]
[Black "Gonsior, Evzen"]
[WhiteElo "2270"]
[BlackElo "2305"]
[Result "1/2-1/2"]
[PlyCount "110"]
[EventDate "1988.06.18"]

1. d4 Nf6 2. Nf3 g6 3. c4 Bg7 4. Nc3 d5 5. Bg5 c6 6. e3 O-O 7. Rc1 Bg4 8. Qb3
dxc4 9. Bxc4 Bxf3 10. gxf3 Qb6 11. O-O Nbd7 12. Rfd1 h6 13. Bh4 Qxb3 14. Bxb3
e6 15. Na4 Rfe8 16. f4 Rac8 17. Rc2 Nd5 18. a3 a5 19. Rdc1 Ra8 20. Kf1 Nc7 21.
f3 Nb5 22. Be1 Bf8 23. Ba2 Bd6 24. Bb1 Bf8 25. Rg2 Bg7 26. Bd3 Nc7 27. Rgc2 Nd5
28. Bd2 Red8 29. Ke2 N5b6 30. Nc3 c5 31. Be4 cxd4 32. exd4 Rab8 33. Nb5 f5 34.
Bd3 a4 35. b3 axb3 36. Rb2 Rdc8 37. Rxc8+ Rxc8 38. Rxb3 Bf8 39. Nc3 Ra8 40. Bc1
Bg7 41. Be3 Bf8 42. Bc1 Be7 43. Bb5 Nf6 44. Kd3 Bd8 45. Bc4 Nxc4 46. Kxc4 Rc8+
47. Kd3 b6 48. Be3 Rc6 49. Rb5 Kf7 50. d5 Nxd5 51. Nxd5 exd5 52. Rxd5 Be7 53.
a4 Ke6 54. Rb5 Bd8 55. Rb4 Bc7 1/2-1/2

[Event "I Open FIDE"]
[Site "Forli' ITA"]
[Date "1988.06.24"]
[Round "7"]
[White "Wagman, Stuart"]
[Black "Passerotti, Pierluigi"]
[WhiteElo "2230"]
[BlackElo "2350"]
[Result "1/2-1/2"]
[PlyCount "103"]
[EventDate "1988.06.18"]

1. e4 e5 2. Nf3 Nc6 3. Bc4 Nf6 4. d4 exd4 5. e5 d5 6. Bb5 Ne4 7. Nxd4 Bd7 8.
Bxc6 bxc6 9. O-O Be7 10. f3 Nc5 11. f4 O-O 12. f5 Ne4 13. Nc3 f6 14. e6 Nxc3
15. bxc3 c5 16. Qg4 Bd6 17. Nf3 Bb5 18. Re1 Re8 19. Nh4 d4 20. Bh6 Re7 21. Rad1
dxc3 22. Bf4 Be8 23. Qf3 Rb8 24. Qxc3 Rb4 25. Bxd6 cxd6 26. Nf3 Qb6 27. a3 Rf4
28. Qd3 c4+ 29. Qe3 Rxf5 30. Qxb6 axb6 31. Rxd6 b5 32. Nd4 Re5 33. Rxe5 fxe5
34. Nc6 Bxc6 35. Rxc6 g6 36. Rb6 Kg7 37. Rxb5 Rxe6 38. Rc5 Ra6 39. Rxc4 Rxa3
40. Kf2 Kf6 41. Ke2 h5 42. Rc8 Kf5 43. Rf8+ Ke4 44. Rg8 Rc3 45. Kd2 Rc6 46. Ra8
Kf5 47. Rf8+ Ke4 48. Rf3 g5 49. Re3+ Kf4 50. Rf3+ Ke4 51. Re3+ Kf5 52. Rf3+
1/2-1/2

[Event "I Open FIDE"]
[Site "Forli' ITA"]
[Date "1988.06.25"]
[Round "8"]
[White "Belotti, Bruno"]
[Black "Sapi, Laszlo"]
[WhiteElo "2340"]
[BlackElo "2370"]
[Result "0-1"]
[PlyCount "64"]
[EventDate "1988.06.18"]

1. e4 Nf6 2. e5 Nd5 3. d4 d6 4. Nf3 Bg4 5. Be2 c6 6. O-O Bxf3 7. Bxf3 dxe5 8.
dxe5 e6 9. Qe2 Nd7 10. c4 Ne7 11. Bg4 Qc7 12. f4 g6 13. Be3 h5 14. Bf3 Nf5 15.
Bf2 Bh6 16. g3 g5 17. Be4 O-O-O 18. Bxa7 b6 19. fxg5 Bxg5 20. Bxf5 exf5 21.
Rxf5 Be7 22. Rxf7 Nxe5 23. Rxe7 Qxe7 24. Bxb6 Rhf8 25. Kg2 Qb7 26. Bxd8 c5+ 27.
Kh3 Qd7+ 28. Kg2 Qc6+ 29. Kh3 Ng4 30. Qe7 Rf2 31. Kh4 Rxh2+ 32. Kg5 Qh6+ 0-1

[Event "I Open FIDE"]
[Site "Forli' ITA"]
[Date "1988.06.25"]
[Round "8"]
[White "Braga, Fernando Alberto"]
[Black "Semkov, Semko"]
[WhiteElo "2425"]
[BlackElo "2470"]
[Result "1-0"]
[PlyCount "75"]
[EventDate "1988.06.18"]

1. e4 c5 2. c3 Nf6 3. e5 Nd5 4. d4 cxd4 5. Bc4 Qc7 6. Qe2 Nb6 7. Bd3 d5 8. exd6
Qxd6 9. cxd4 Nc6 10. Nf3 Bg4 11. Be3 e6 12. O-O Be7 13. Nc3 O-O 14. Rad1 Nd5
15. Bb1 Nxc3 16. bxc3 Qd5 17. c4 Bxf3 18. gxf3 Qh5 19. Bf4 Bf6 20. Qe4 e5 21.
dxe5 Bxe5 22. Bg3 Rae8 23. Qf5 Qh6 24. Rfe1 g6 25. Qd3 Re6 26. Kg2 Rfe8 27. Qe3
Qg7 28. Be4 Bc3 29. Rf1 Bd4 30. Qb3 R8e7 31. Rd2 Bb6 32. Rfd1 Nd4 33. Qa4 Nc6
34. Bd5 Re2 35. Rxe2 Rxe2 36. c5 Bc7 37. Bxc6 bxc6 38. Bxc7 1-0

[Event "I Open FIDE"]
[Site "Forli' ITA"]
[Date "1988.06.25"]
[Round "8"]
[White "Gonsior, Evzen"]
[Black "Laco, Giuseppe"]
[WhiteElo "2305"]
[BlackElo "2235"]
[Result "1-0"]
[PlyCount "137"]
[EventDate "1988.06.18"]

1. e4 c5 2. c3 d5 3. exd5 Qxd5 4. d4 e5 5. dxe5 Qxe5+ 6. Be3 Bd7 7. Nf3 Qc7 8.
Na3 a6 9. Qd2 b5 10. Bf4 Qb7 11. Be2 Nc6 12. Ng5 Nh6 13. Qd5 Rd8 14. Bf3 Be7
15. Qe4 Rc8 16. O-O Bf5 17. Qe2 O-O 18. Rfe1 Rfe8 19. Bd5 Qd7 20. Qf3 Bg4 21.
Qd3 Bf5 22. Qd2 Rcd8 23. Rad1 c4 24. Nf3 Ng4 25. Ng5 Nh6 26. h3 Bxa3 27. bxa3
Rxe1+ 28. Qxe1 Bd3 29. Be4 Re8 30. Qd2 f6 31. Bxh7+ Kh8 32. Bxd3 cxd3 33. Nf3
g5 34. Be3 Nf5 35. Qxd3 Qxd3 36. Rxd3 Nxe3 37. Rxe3 Rc8 38. g4 Kg7 39. Kf1 Kf7
40. Rd3 Ke6 41. Ke2 Ne5 42. Nxe5 Kxe5 43. Re3+ Kd5 44. a4 Rc4 45. axb5 axb5 46.
Rd3+ Ke5 47. Kf1 Ke6 48. Kg2 Ra4 49. Rd2 Rc4 50. Rb2 Rc5 51. Rb3 f5 52. Kg3 f4+
53. Kg2 Kf6 54. Ra3 Kg6 55. Ra6+ Kg7 56. Ra5 Rxc3 57. Rxb5 Kg6 58. a4 Ra3 59.
a5 Kf6 60. Rb6+ Kg7 61. a6 Kf7 62. Rb7+ Kg6 63. a7 Kf6 64. Kf1 Ra2 65. Ke1 Ke5
66. f3 Kd4 67. Re7 Kd3 68. h4 gxh4 69. Kf1 1-0

[Event "I Open FIDE"]
[Site "Forli' ITA"]
[Date "1988.06.25"]
[Round "8"]
[White "Meduna, Eduard"]
[Black "Vezzosi, Paolo"]
[WhiteElo "2505"]
[BlackElo "2270"]
[Result "1-0"]
[PlyCount "81"]
[EventDate "1988.06.18"]

1. d4 e6 2. Nf3 Nf6 3. Bg5 d5 4. e3 Be7 5. c4 Ne4 6. Bxe7 Qxe7 7. Nc3 Nxc3 8.
bxc3 Nd7 9. Qc2 O-O 10. Rb1 b6 11. cxd5 exd5 12. Bb5 Qd6 13. O-O Nf6 14. c4
dxc4 15. e4 Qf4 16. Rfe1 Bb7 17. d5 a6 18. Bxc4 Rfe8 19. Bd3 h6 20. Rbc1 Re7
21. Nd4 g6 22. g3 Qe5 23. Nc6 Bxc6 24. Qxc6 Rae8 25. Bxa6 h5 26. Rcd1 Nd7 27.
Bb5 Nc5 28. d6 cxd6 29. Qxb6 Rb7 30. Qc6 Re6 31. a4 h4 32. Qd5 Qf6 33. e5 Rxe5
34. Rxe5 Qxe5 35. Qxd6 Re7 36. Qxe5 Rxe5 37. gxh4 Kf8 38. Kf1 Ne6 39. Bc4 Ke7
40. Bxe6 Kxe6 41. Re1 1-0

[Event "I Open FIDE"]
[Site "Forli' ITA"]
[Date "1988.06.25"]
[Round "8"]
[White "Pantaleoni, Claudio"]
[Black "Wagman, Stuart"]
[WhiteElo "2235"]
[BlackElo "2230"]
[Result "0-1"]
[PlyCount "96"]
[EventDate "1988.06.18"]

1. d4 d5 2. c4 e6 3. Nc3 Nf6 4. Bg5 Be7 5. e3 O-O 6. Nf3 h6 7. Bh4 b6 8. cxd5
Nxd5 9. Bxe7 Qxe7 10. Nxd5 exd5 11. Rc1 Be6 12. Bd3 c5 13. dxc5 bxc5 14. O-O a5
15. e4 d4 16. a3 Nd7 17. h3 Rfb8 18. Qe2 Rb3 19. a4 Nb6 20. Bb5 Qd6 21. Rfd1
Rb4 22. e5 Qe7 23. Qe4 Bd5 24. Qh4 Qxh4 25. Nxh4 Bb3 26. Rd2 Bxa4 27. Bf1 Nd7
28. f4 Rab8 29. Ra1 Bb5 30. Ra2 Bxf1 31. Kxf1 a4 32. Nf5 Nb6 33. Ne7+ Kf8 34.
Nc6 Nc4 35. Rf2 R8b6 36. Nxb4 Rxb4 37. Ke1 Ke7 38. Kd1 Ke6 39. Kc2 Kd5 40. Re2
Ne3+ 41. Kd2 Ke4 42. Rf2 Rc4 43. Ra1 d3 44. Rc1 Rb4 45. Rb1 Kd4 46. Rf3 Nc4+
47. Kc1 Rb3 48. Rf2 Ke3 0-1

[Event "I Open FIDE"]
[Site "Forli' ITA"]
[Date "1988.06.25"]
[Round "8"]
[White "Passerotti, Pierluigi"]
[Black "Mantovani, Renzo"]
[WhiteElo "2350"]
[BlackElo "2410"]
[Result "0-1"]
[PlyCount "53"]
[EventDate "1988.06.18"]

1. Nf3 d6 2. d4 Nf6 3. c4 c6 4. Nc3 Qc7 5. e4 e5 6. h3 Be7 7. Be2 O-O 8. O-O a6
9. Be3 b5 10. a3 bxc4 11. Bxc4 Nbd7 12. Rc1 Qb8 13. Qc2 Bb7 14. Ba2 h6 15. Nh4
exd4 16. Bxd4 c5 17. Be3 Re8 18. Nf5 Bf8 19. Rfe1 Rxe4 20. Bxh6 Rxe1+ 21. Rxe1
gxh6 22. Nxh6+ Bxh6 23. Qg6+ Bg7 24. Qxf7+ Kh8 25. Re7 Qf8 26. Rxd7 Nxd7 27.
Qxd7 0-1

[Event "I Open FIDE"]
[Site "Forli' ITA"]
[Date "1988.06.25"]
[Round "8"]
[White "Tatai, Stefano"]
[Black "Garcia Palermo, Carlos Horacio"]
[WhiteElo "2380"]
[BlackElo "2505"]
[Result "1/2-1/2"]
[PlyCount "80"]
[EventDate "1988.06.18"]

1. e4 e6 2. d4 d5 3. exd5 exd5 4. Bd3 Nc6 5. c3 Nge7 6. Qh5 g6 7. Qf3 Bg7 8.
Ne2 O-O 9. g4 Be6 10. Bf4 Qd7 11. h3 h6 12. Qg3 g5 13. Bxc7 Rac8 14. Bd6 f5 15.
Bxe7 Qxe7 16. Nd2 Bd7 17. Nb3 fxg4 18. hxg4 Rf4 19. Qe3 Qxe3 20. fxe3 Rf3 21.
Kd2 Re8 22. Rag1 Rexe3 23. Bc2 b6 24. Rh2 Bf8 25. Nbc1 Na5 26. b3 Bb5 27. Rgg2
Nc6 28. Rf2 Kg7 29. Rxf3 Rxf3 30. Bd3 Bxd3 31. Nxd3 Bd6 32. Rf2 Rh3 33. Rg2 Ne7
34. Nf2 Rf3 35. Nd1 Ng6 36. Ne3 Nh4 37. Rg1 Bf4 38. Nxf4 gxf4 39. Nxd5 Rf2+ 40.
Kd3 f3 1/2-1/2

[Event "I Open FIDE"]
[Site "Forli' ITA"]
[Date "1988.06.26"]
[Round "9"]
[White "Braga, Fernando Alberto"]
[Black "Tatai, Stefano"]
[WhiteElo "2425"]
[BlackElo "2380"]
[Result "1/2-1/2"]
[PlyCount "149"]
[EventDate "1988.06.18"]

1. d4 Nf6 2. Nf3 e6 3. Bf4 c5 4. e3 Be7 5. Nbd2 b6 6. h3 Bb7 7. Bd3 O-O 8. O-O
Nc6 9. c3 Rc8 10. Qe2 d5 11. Rad1 cxd4 12. exd4 Re8 13. Ne5 Nxe5 14. Bxe5 Bf8
15. g4 g6 16. Rfe1 Nd7 17. Bg3 Bg7 18. Nf3 Nf6 19. Nd2 Nd7 20. Bb5 a5 21. Nf3
Bc6 22. Ba6 Ra8 23. Kh2 Ra7 24. h4 Qa8 25. Bd3 Bb7 26. g5 Qc8 27. h5 Ba6 28.
Kg2 Bxd3 29. Rxd3 Qd8 30. hxg6 fxg6 31. Re3 Nf8 32. Qb5 Rf7 33. Nh2 Rf5 34. f4
Re7 35. Ng4 Qd6 36. Rf3 Qd8 37. Re2 Rb7 38. Rfe3 Re7 39. Qc6 Qc7 40. Qb5 Qd8
41. a3 Qd6 42. Rf3 Qd8 43. Rf1 Rb7 44. b4 Rff7 45. Rfe1 Qd7 46. Qd3 Qc6 47. Rb1
Rbc7 48. Rc2 axb4 49. axb4 Ra7 50. Rbb2 Ra3 51. Ra2 Rfa7 52. Rxa3 Rxa3 53. Qe3
Qc4 54. Be1 Ra2 55. Rxa2 Qxa2+ 56. Bf2 Qc2 57. Qe1 Qf5 58. Kg3 Qd3+ 59. Be3 Qa6
60. Qb1 Kf7 61. Qb3 Qd3 62. Qa3 Nd7 63. Qa1 Ke7 64. Qe1 Kf7 65. Nf2 Qc2 66. Ng4
Qd3 67. Qa1 Ke7 68. Qb2 Ke8 69. b5 h5 70. gxh6 Bxh6 71. Qa3 g5 72. fxg5 Bxg5
73. Qd6 Nf8 74. Qxb6 Qxc3 75. Kf3 1/2-1/2

[Event "I Open FIDE"]
[Site "Forli' ITA"]
[Date "1988.06.26"]
[Round "9"]
[White "Delanoy, Arnaud"]
[Black "Pantaleoni, Claudio"]
[WhiteElo "2215"]
[BlackElo "2235"]
[Result "1/2-1/2"]
[PlyCount "109"]
[EventDate "1988.06.18"]

1. e4 c5 2. Nc3 Nc6 3. Nf3 g6 4. d4 cxd4 5. Nxd4 Bg7 6. Be3 Nf6 7. Nxc6 bxc6 8.
e5 Nd5 9. Nxd5 cxd5 10. Qxd5 Rb8 11. Bxa7 Rxb2 12. Bd4 Rb8 13. Bc4 O-O 14. O-O
Bb7 15. Qc5 Rc8 16. Qb5 Qc7 17. Bb3 Bc6 18. Qe2 Qb7 19. f4 d5 20. Qf2 e6 21. g4
Bb5 22. Rfe1 Bd7 23. Re3 h6 24. Kh1 Rc4 25. Bxc4 dxc4+ 26. Kg1 Qd5 27. Rd1 Bc6
28. Kf1 f6 29. Ke2 c3 30. exf6 Bb5+ 31. Rdd3 Bxf6 32. Bxf6 Rxf6 33. Ke1 Qh1+
34. Qf1 Qxf1+ 35. Kxf1 Rxf4+ 36. Kg2 Bxd3 37. Rxd3 Rxg4+ 38. Kf3 Rh4 39. Kg3
Ra4 40. Rxc3 Kf7 41. a3 Kf6 42. Rf3+ Ke5 43. Re3+ Kd5 44. Rd3+ Ke4 45. Rb3 Ra5
46. Rb4+ Ke3 47. Rg4 g5 48. h4 Kd2 49. hxg5 hxg5 50. Re4 Rxa3+ 51. Kg4 Re3 52.
Rxe3 Kxe3 53. Kxg5 e5 54. c4 Kd4 55. Kf5 1/2-1/2

[Event "I Open FIDE"]
[Site "Forli' ITA"]
[Date "1988.06.26"]
[Round "9"]
[White "Garcia Palermo, Carlos Horacio"]
[Black "Forintos, Gyozo Victor"]
[WhiteElo "2505"]
[BlackElo "2345"]
[Result "1-0"]
[PlyCount "99"]
[EventDate "1988.06.18"]

1. d4 Nf6 2. c4 e5 3. dxe5 Ng4 4. Bf4 Nc6 5. Nf3 Bb4+ 6. Nc3 Qe7 7. Qd5 Bxc3+
8. bxc3 f6 9. exf6 Nxf6 10. Qd3 d6 11. g3 Ne4 12. Bg2 O-O 13. Nd4 Nxf2 14. Kxf2
Ne5 15. Qe4 g5 16. Rhf1 gxf4 17. gxf4 Qf7 18. Qd5 Ng4+ 19. Kg1 Ne3 20. Qxf7+
Kxf7 21. Bd5+ Kf6 22. Rf3 Re8 23. Nb5 Nxd5 24. cxd5 Rxe2 25. Nxc7 Rb8 26. Nb5
Bd7 27. Nxd6 b5 28. Kf1 Rxh2 29. Ne4+ Kf5 30. Nf2 Re8 31. Rd1 Rh6 32. Rd4 Ra6
33. Rg3 Rg6 34. Rh3 h6 35. Rh5+ Kf6 36. Ne4+ Ke7 37. Kf2 Rf8 38. Re5+ Kd8 39.
Nc5 Rgf6 40. Ke3 R8f7 41. c4 bxc4 42. Rxc4 Bh3 43. Ne6+ Kd7 44. Rc7+ Kd6 45.
Rc6+ Kd7 46. Ra6 Kc8 47. Re4 Bg2 48. Rc4+ Kb7 49. Rd6 Ka8 50. Rb4 1-0

[Event "I Open FIDE"]
[Site "Forli' ITA"]
[Date "1988.06.26"]
[Round "9"]
[White "Lanzani, Mario"]
[Black "Laco, Giuseppe"]
[WhiteElo "2375"]
[BlackElo "2235"]
[Result "1-0"]
[PlyCount "80"]
[EventDate "1988.06.18"]

1. d4 d5 2. c4 c6 3. Nf3 g6 4. Nc3 Nf6 5. Bg5 Bg7 6. cxd5 Nxd5 7. e4 Nc7 8. h3
a5 9. Qd2 O-O 10. Bh6 Nd7 11. h4 f6 12. e5 Nb6 13. h5 g5 14. Bxg5 fxg5 15. h6
Rxf3 16. gxf3 Bf8 17. Qxg5+ Kh8 18. Rg1 Be6 19. Bh3 Bf7 20. e6 Bg6 21. Qe5+ Kg8
22. Bf5 Qd6 23. Qe4 Qh2 24. Ke2 Kh8 25. Bxg6 Ncd5 26. Bf7 Bxh6 27. Qg4 Nf6 28.
Qg3 Qxg3 29. fxg3 Rd8 30. Rad1 Nc4 31. b3 Ne3 32. Rd3 Nc2 33. Kf2 Nxd4 34. Rgd1
c5 35. Ne2 Nd5 36. Nxd4 cxd4 37. f4 Bg7 38. Rxd4 Bxd4+ 39. Rxd4 Rd6 40. Bh5 Kg7
1-0

[Event "I Open FIDE"]
[Site "Forli' ITA"]
[Date "1988.06.26"]
[Round "9"]
[White "Mantovani, Renzo"]
[Black "Votruba, Pavel"]
[WhiteElo "2410"]
[BlackElo "2345"]
[Result "1/2-1/2"]
[PlyCount "95"]
[EventDate "1988.06.18"]

1. c4 e6 2. Nf3 d5 3. g3 Nf6 4. Bg2 dxc4 5. O-O Nbd7 6. Na3 Bxa3 7. bxa3 O-O 8.
Qc2 Nd5 9. Qxc4 b6 10. Bb2 Bb7 11. Rfc1 c5 12. d3 Qe7 13. h4 Rad8 14. Rab1 Rfe8
15. a4 Nb4 16. a3 Nc6 17. Bc3 Rb8 18. h5 h6 19. Qg4 Nf6 20. Qh3 e5 21. a5 Nd4
22. Bxd4 exd4 23. axb6 axb6 24. Qf5 Bc8 25. Qf4 Bg4 26. Rc2 Bxh5 27. Rcb2 Nd5
28. Qf5 Bxf3 29. Bxf3 Nc3 30. Ra1 b5 31. Kg2 Rb6 32. Rc2 Rf6 33. Qg4 Na4 34.
Rb1 Rb6 35. Qh5 Qe5 36. Qg4 Qe6 37. Qh5 Nc3 38. Rh1 Qe5 39. e3 b4 40. axb4 Qxh5
41. Rxh5 cxb4 42. exd4 Rd8 43. d5 Ra8 44. Rh1 Rd8 45. Rhc1 Rc8 46. Rb2 Rbb8 47.
Rb3 Kf8 48. Rc2 1/2-1/2

[Event "I Open FIDE"]
[Site "Forli' ITA"]
[Date "1988.06.26"]
[Round "9"]
[White "Semkov, Semko"]
[Black "Sapi, Laszlo"]
[WhiteElo "2470"]
[BlackElo "2370"]
[Result "1-0"]
[PlyCount "63"]
[EventDate "1988.06.18"]

1. d4 d5 2. c4 dxc4 3. Nf3 Nf6 4. e3 e6 5. Bxc4 c5 6. O-O Nc6 7. Qe2 a6 8. dxc5
Bxc5 9. e4 Qc7 10. e5 Ng4 11. Bf4 f6 12. Nbd2 O-O 13. Rac1 Ba7 14. Bg3 f5 15.
Bf4 Bd7 16. h3 Nh6 17. Be3 Bxe3 18. Qxe3 Nf7 19. Rfe1 Rad8 20. Nb3 Bc8 21. Nbd4
Nxd4 22. Nxd4 Qe7 23. Bb3 f4 24. Qxf4 Kh8 25. Qe3 Qh4 26. Bxe6 Rxd4 27. Rxc8
Rxc8 28. Bxc8 Rb4 29. e6 Nd6 30. e7 Ne8 31. Bd7 Qh5 32. Qf3 1-0